00223nam a2200109Ia 4500100001700000654000900017245003100026260002600057082001000083300000800093546001200101 aKamenihny/I  aheat aHeat Treatment Hand Book bMir Publishersc2001 a671.3 a275 aENGLISH